Código penal comentado / (Record no. 528)

MARC details
000 -LÍDER
Campo Fixo de Controle 00667nam a2200229 a 4500
001 - NÚMERO DE CONTROLE
Campo de Controle 528
003 - IDENTIFICAÇÃO DO NÚMERO DE CONTROLE
Campo de Controle BR-CuiBMT
005 - DATA E HORA DA ÚLTIMA ATUALIZAÇÃO
Campo de Controle 20231108201815.0
008 - DADOS FIXOS
Dados Fixos 231108s2010 rjb 001 0 por d
020 ## - INTERNATIONAL STANDARD BOOK NUMBER
Nº do ISBN 9788576263883
040 ## - AGÊNCIA CATALOGADORA
Código da Agência Catalogadora BR-CuiBMT
Agência que transcreveu o registro BR-CuiBMT
080 ## - Nº DA CLASSIFICAÇÃO DECIMAL UNIVERSAL
Nº edição CDU 2007
Nº Class. CDU 343.21
090 ## - NÚMERO DE CHAMADA
Nº classificação 343.21
Cutter G791c
Ano/Edição 4. ed.
100 1# - ENTRADA PRINCIPAL -- AUTOR PESSOAL
Nome pessoal Greco, Rogério
245 10 - TÍTULO PRINCIPAL
Título principal Código penal comentado /
Indicação de responsabilidade Rogério Greco.
250 ## - EDIÇÃO
Edição 4. ed., rev., ampl. e atual.
260 ## - PUBLICAÇÃO, DISTRIBUIÇÃO, ETC.
Local de publicação Niterói :
Editora Impetus,
Data 2010.
500 ## - NOTAS GERAIS
Notas gerais Edição revista, ampliada e atualizada até 1º janeiro de 2010.
504 ## - NOTA DE BIBLIOGRAFIA, ETC.
Nota de bibliografia Inclui bibliografia.
650 ## - ASSUNTO TÓPICO
Cabeçalho tópico ou nome geográfico Direito penal
Subdivisão geográfica Brasil
942 ## - ELEMENTOS DE ENTRADA ADICIONAIS (KOHA)
Fonte de classificação ou esquema de arquivamento Classificação Decimal Universal
Tipo de item do Koha Livros
Holdings
Estado: removido Estado: perdido Fonte de classificação ou esquema de arquivamento Estado: danificado Indisponível para empréstimo Localização permanente Localização atual Data de aquisição Total Checkouts Número de Chamada completo Código de barras Date last seen Número do exemplar Preço efetivo a partir de Tipo de item (Koha)
    Classificação Decimal Universal     Biblioteca da Escola Superior de Contas do TCE/MT Biblioteca da Escola Superior de Contas do TCE/MT 25/06/2019   343.21 G791c 4. ed. BIBTCEMT23110299 08/11/2023 Ex. 1 08/11/2023 Livros

Powered by Koha